Statistics for History by Picture - B

Click here to take the quiz!

General Stats

  • This quiz has been taken 37,290 times
    (37,238 since last reset)
  • The average score is 13 of 18

Answer Stats

Answer% Correct
{Berlin} Wall
96%
Ludwig van Beethoven
95%
Buddha
90%
Black Death
89%
Babylon
86%
Alexander Graham Bell
85%
Blacksmith
85%
Bastille
75%
Bronze Age
74%
Boston Tea Party
71%
Bahamas
70%
{British} Empire
70%
{Byzantine} Empire
66%
Bonnet
64%
John Wilkes Booth
62%
Bath
47%
Flying {Buttress}
42%
Simon Bolivar
40%

Score Distribution

Percentile by Number Answered

Percent of People with Each Score

Your Score History

You have not taken this quiz since the last reset